000 00906nam a2200205 a 4500
001 16838
003 CO-ViMGA
008 141112s2004 ck r 000 u spa d
020 _a9706861033
040 _aCO-ViMGA
_bspa
_cCO-ViMGA
082 _a530 R337f
100 1 _aReese, Ronald Lane
_96463
245 1 0 _aFísica Universitaria
260 _aMexico,
_cThomson,
_c2002
300 _a2 Vol.
505 _aVOLUMEN (1)Análisis vectorial - Cinemática I, II - Leyes de Newton - Fuerza gravitatoria - Ley de Hooke - Trabajo, energía y teorema - Sólidos y fluidos - Ondas - Termodinámica - Cinética VOLUMEN (2)Cargas electricas - Energía potencial - Fuerzas magnéticas - Ley de Faraday - Circuitos senoidales - Optica geometrica - Optica física - Teoría de la relatividad - Mecánica cuántica
590 _aForma de adquisición : Premio - Mincultura
650 1 4 _aFISICA
_94980
942 _2ddc
_cBK
999 _c11539
_d11539